Aplikácia výskumu imidža v maloobchode

Obsahové vymedzenie pojmu imidž. Faktory, ktoré ovplyvňujú imidž maloobchodnej jednotky. Problematika výskumu a následnej analýzy imidža v maloobchodných organizáciách.

Enregistré dans:
Détails bibliographiques
Auteur principal: Lieskovská, Vanda, 1961-
Format: Chapitre de livre
Langue:slovaque
Sujets:
Tags: Ajouter un tag
Pas de tags, Soyez le premier à ajouter un tag!

MARC

LEADER 00000naa a2200000 4500
001 r046492
005 20230929124603.3
041 0 |a slo 
044 |a CZ 
245 1 0 |a Aplikácia výskumu imidža v maloobchode  |c Vanda Lieskovská 
520 |a Obsahové vymedzenie pojmu imidž. Faktory, ktoré ovplyvňujú imidž maloobchodnej jednotky. Problematika výskumu a následnej analýzy imidža v maloobchodných organizáciách. 
610 2 0 |a imidž 
610 2 0 |a maloobchod 
610 2 0 |a výskum 
610 2 0 |a analýzy 
610 2 0 |a prieskum trhu 
610 2 0 |a zákazníci 
100 1 |a Lieskovská, Vanda, 1961-